Genetic analysis in cell biology (Record no. 396801)

MARC details
000 -LEADER
fixed length control field 00529 a2200205 4500
005 - DATE & TIME
control field 20260501123000.0
008 - FIXED-LENGTH DATA ELEMENTS--GENERAL INFORMATION
fixed length control field 260430b |||||||| |||| 00| 0 eng d
020 ## - ISBN
International Standard Book Number 9788183296120
Price Rs. 2800.00
040 ## - CATALOGING SOURCE
Original cataloging agency VIVEKANANDA LIBRARY
082 ## - DDC NUMBER
Classification number 571.6
Book Number S87G
100 ## - MAIN ENTRY--PERSONAL NAME
Personal name Saurav Singh
245 ## - TITLE STATEMENT
Title Genetic analysis in cell biology
260 ## - PUBLICATION, DISTRIBUTION, ETC. (IMPRINT)
Name of publisher, distributor, etc Shree Publishers and Distributors
Date of publication, distribution, etc 2022
Place of publication, distribution, etc New Delhi
300 ## - PHYSICAL DESCRIPTION
Pages vi, 272
650 ## - Subject
Subject Biology
650 ## - Subject
Subject Physiology
650 ## - Subject
Subject Cellular Biology
650 ## - Subject
Subject Cytology
942 ## - ADDED ENTRY ELEMENTS (KOHA)
Koha item type Books
Holdings
Withdrawn status Lost status Source of classification or shelving scheme Damaged status Not for loan Location (home branch) Sublocation or collection (holding branch) Shelving location Date acquired Koha issues (times borrowed) Koha full call number Accession No. Koha date last seen Koha item type
    Dewey Decimal Classification     VIVEKANANDA LIBRARY VIVEKANANDA LIBRARY Vivekananda Library 04/02/2026   571.6 S87G 438136 04/02/2026 Books
© Designed and Maintained by Vivekananda Library, MDU Rohtak